[Event "TeamRussiamenrapid"]
[Site "?"]
[Date "2016.10.06"]
[Round "8.10"]
[White "Kamsky, Gata"]
[Black "Ponkratov, Pavel"]
[Result "1/2-1/2"]
[LiveChessVersion "1.4.4"]
[BlackElo "2654"]
[WhiteElo "2749"]

1. d4 {[%clk 0:15:17]} Nf6 {[%clk 0:15:19]} 2. Bf4 {[%clk 0:15:25]} c5
{[%clk 0:15:28]} 3. e3 {[%clk 0:15:33]} Qb6 {[%clk 0:15:37]} 4. Nf3
{[%clk 0:15:41]} e6 {[%clk 0:15:42]} 5. Na3 {[%clk 0:15:47]} cxd4
{[%clk 0:15:23]} 6. Nb5 {[%clk 0:15:01]} Nd5 {[%clk 0:14:36]} 7. Qxd4
{[%clk 0:15:08]} Qa5+ {[%clk 0:13:43]} 8. Qd2 {[%clk 0:14:29]} Qxd2+
{[%clk 0:12:59]} 9. Nxd2 {[%clk 0:11:37]} Nxf4 {[%clk 0:11:06]} 10. exf4
{[%clk 0:11:42]} Na6 {[%clk 0:10:07]} 11. c3 {[%clk 0:09:38]} Be7
{[%clk 0:08:49]} 12. Ne4 {[%clk 0:09:26]} d5 {[%clk 0:08:50]} 13. Ned6+
{[%clk 0:09:31]} Bxd6 {[%clk 0:08:58]} 14. Nxd6+ {[%clk 0:09:40]} Ke7
{[%clk 0:09:07]} 15. Nb5 {[%clk 0:09:49]} Bd7 {[%clk 0:09:00]} 16. Nd4
{[%clk 0:09:57]} Nb8 {[%clk 0:09:07]} 17. Bd3 {[%clk 0:10:02]} Nc6
{[%clk 0:09:15]} 18. Nf3 {[%clk 0:10:01]} h6 {[%clk 0:09:08]} 19. h4
{[%clk 0:10:09]} Rhd8 {[%clk 0:09:03]} 20. O-O {[%clk 0:10:01]} Rab8
{[%clk 0:09:00]} 21. Rfe1 {[%clk 0:10:08]} Kf8 {[%clk 0:09:02]} 22. a4
{[%clk 0:09:57]} Be8 {[%clk 0:09:10]} 23. Nd4 {[%clk 0:07:21]} Rbc8
{[%clk 0:08:18]} 24. a5 {[%clk 0:07:24]} Nxd4 {[%clk 0:07:54]} 25. cxd4
{[%clk 0:07:32]} Rc7 {[%clk 0:07:57]} 26. Rec1 {[%clk 0:06:08]} Rdc8
{[%clk 0:08:02]} 27. Rxc7 {[%clk 0:06:16]} Rxc7 {[%clk 0:08:11]} 28. Kf1
{[%clk 0:06:23]} a6 {[%clk 0:07:42]} 29. Ra3 {[%clk 0:06:11]} Rc1+
{[%clk 0:07:32]} 30. Ke2 {[%clk 0:06:20]} Bc6 {[%clk 0:07:39]} 31. Kd2
{[%clk 0:06:26]} Rh1 {[%clk 0:07:41]} 32. g3 {[%clk 0:06:35]} Ke7
{[%clk 0:07:48]} 33. Rc3 {[%clk 0:06:38]} Ra1 {[%clk 0:07:52]} 34. Ra3
{[%clk 0:06:16]} Rh1 {[%clk 0:07:52]} 35. Rc3 {[%clk 0:06:13]} Ra1
{[%clk 0:08:00]} 36. Bxa6 {[%clk 0:06:20]} Kd6 {[%clk 0:08:09]} 37. Bd3
{[%clk 0:06:26]} Rxa5 {[%clk 0:08:16]} 38. Ra3 {[%clk 0:06:34]} Rxa3
{[%clk 0:06:19]} 39. bxa3 {[%clk 0:06:43]} f6 40. Bg6 {[%clk 0:06:40]} Bd7
{[%clk 0:06:13]} 41. Kc3 {[%clk 0:06:43]} b6 {[%clk 0:06:08]} 42. Kb4
{[%clk 0:06:50]} Kc6 {[%clk 0:06:13]} 43. Kc3 {[%clk 0:06:17]} Kd6
{[%clk 0:06:21]} 44. Kd2 {[%clk 0:06:27]} Kc6 {[%clk 0:06:29]} 45. g4
{[%clk 0:06:18]} Kd6 {[%clk 0:06:35]} 46. g5 {[%clk 0:06:21]} Bb5
{[%clk 0:05:34]} 47. Ke3 {[%clk 0:06:25]} Bc4 {[%clk 0:05:35]} 48. Kf3
{[%clk 0:06:23]} Bb5 {[%clk 0:05:36]} 49. Bc2 {[%clk 0:05:48]} Ke7
{[%clk 0:05:12]} 50. Ke3 {[%clk 0:05:30]} Kd6 {[%clk 0:05:16]} 51. Bb3
{[%clk 0:05:12]} Be8 {[%clk 0:05:12]} 52. Bd1 {[%clk 0:04:49]} Bb5
{[%clk 0:05:13]} 53. Bc2 {[%clk 0:04:50]} Be8 {[%clk 0:05:13]} 54. Bd3
{[%clk 0:04:58]} Ba4 {[%clk 0:05:21]} 55. Kf3 {[%clk 0:05:01]} Ke7
{[%clk 0:05:29]} 56. Be2 {[%clk 0:04:50]} Be8 {[%clk 0:05:28]} 57. Ke3
{[%clk 0:04:46]} Kd6 {[%clk 0:05:34]} 58. Bd3 {[%clk 0:04:45]} Ba4
{[%clk 0:05:41]} 59. Kd2 {[%clk 0:04:52]} Be8 {[%clk 0:05:44]} 60. Be2
{[%clk 0:04:42]} Ba4 {[%clk 0:05:47]} 61. Bh5 {[%clk 0:04:50]} Bd7
{[%clk 0:05:52]} 62. Bf7 {[%clk 0:04:54]} Ke7 {[%clk 0:05:58]} 63. Bg6
{[%clk 0:04:59]} Kd6 {[%clk 0:06:06]} 64. Kc3 {[%clk 0:05:04]} Bb5
{[%clk 0:06:11]} 65. Kd2 {[%clk 0:04:59]} Bd7 {[%clk 0:06:18]} 66. Ke3
{[%clk 0:05:02]} Bb5 {[%clk 0:06:23]} 67. Ke4 {[%clk 0:04:40]} Ke5+
{[%clk 0:15:10]} 1/2-1/2

[Event "TeamRussiamenrapid"]
[Site "?"]
[Date "2016.10.06"]
[Round "8.11"]
[White "Khismatullin, Denis"]
[Black "Timofeev, Artyom"]
[Result "1-0"]
[LiveChessVersion "1.4.4"]
[BlackElo "2566"]
[WhiteElo "2668"]

1. d4 {[%clk 0:15:09]} d5 {[%clk 0:15:13]} 2. Bf4 {[%clk 0:14:58]} e6
{[%clk 0:15:03]} 3. e3 {[%clk 0:14:50]} c5 {[%clk 0:14:59]} 4. c3
{[%clk 0:14:22]} Nc6 {[%clk 0:15:03]} 5. Nf3 {[%clk 0:14:27]} Bd6
{[%clk 0:15:08]} 6. dxc5 {[%clk 0:14:02]} Bxc5 {[%clk 0:15:13]} 7. Nbd2
{[%clk 0:14:10]} Nf6 {[%clk 0:14:33]} 8. Bd3 {[%clk 0:13:46]} Bd6
{[%clk 0:14:25]} 9. Bg5 {[%clk 0:13:20]} h6 {[%clk 0:14:28]} 10. Bh4
{[%clk 0:13:25]} Be7 {[%clk 0:14:23]} 11. O-O {[%clk 0:13:22]} O-O
{[%clk 0:13:53]} 12. Qe2 {[%clk 0:11:28]} Bd7 {[%clk 0:13:19]} 13. Rfd1
{[%clk 0:10:25]} Qb6 {[%clk 0:12:17]} 14. b4 {[%clk 0:08:22]} Rfd8
{[%clk 0:10:47]} 15. a3 {[%clk 0:07:33]} Ng4 {[%clk 0:10:04]} 16. Bg3
{[%clk 0:07:09]} Bf6 {[%clk 0:09:35]} 17. c4 {[%clk 0:06:51]} Rdc8
{[%clk 0:09:16]} 18. Rab1 {[%clk 0:04:11]} Nge5 {[%clk 0:08:59]} 19. c5
{[%clk 0:02:43]} Qd8 {[%clk 0:09:05]} 20. Bc2 {[%clk 0:02:53]} b5
{[%clk 0:08:15]} 21. e4 {[%clk 0:02:33]} Qe7 {[%clk 0:06:08]} 22. Nxe5
{[%clk 0:02:05]} Nxe5 {[%clk 0:05:58]} 23. Bxe5 {[%clk 0:00:33]} Bxe5
{[%clk 0:06:06]} 24. Nf3 {[%clk 0:00:40]} Bf6 {[%clk 0:05:43]} 25. e5
{[%clk 0:00:29]} Bg5 {[%clk 0:05:38]} 26. g3 {[%clk 0:00:38]} h5 {[%clk 0:04:57]}
27. Nd4 {[%clk 0:00:44]} h4 {[%clk 0:03:46]} 28. Nxb5 {[%clk 0:00:44]} Bxb5
{[%clk 0:03:47]} 29. Qxb5 {[%clk 0:00:52]} a5 {[%clk 0:03:56]} 30. Rb3
{[%clk 0:00:23]} g6 {[%clk 0:03:25]} 31. Kg2 {[%clk 0:00:29]} Qc7
{[%clk 0:02:43]} 32. f4 {[%clk 0:00:28]} Be7 {[%clk 0:02:49]} 33. Qd3
{[%clk 0:00:35]} axb4 34. axb4 {[%clk 0:00:45]} Ra2 {[%clk 0:03:03]} 35. Rd2
{[%clk 0:00:51]} Qb7 {[%clk 0:03:04]} 36. Bd1 {[%clk 0:00:41]} Ra1
{[%clk 0:03:00]} 37. Rc2 {[%clk 0:00:30]} hxg3 {[%clk 0:03:02]} 38. hxg3
{[%clk 0:00:39]} Kg7 {[%clk 0:03:11]} 39. Ra3 {[%clk 0:00:15]} Rb1
{[%clk 0:03:10]} 40. Rb3 {[%clk 0:00:16]} Ra1 {[%clk 0:03:18]} 41. Qd4
{[%clk 0:00:23]} Ra4 {[%clk 0:03:20]} 42. Be2 {[%clk 0:00:17]} Qa7
{[%clk 0:03:22]} 43. Bf3 {[%clk 0:00:16]} Ra1 {[%clk 0:03:07]} 44. Rcb2
{[%clk 0:00:13]} Qa4 {[%clk 0:03:04]} 45. Qd2 {[%clk 0:00:15]} Rb8
{[%clk 0:02:41]} 46. Qc2 {[%clk 0:00:15]} Qb5 {[%clk 0:02:16]} 47. Be2
{[%clk 0:00:16]} Qc6 {[%clk 0:02:24]} 48. Rb1 {[%clk 0:00:21]} Ra4
{[%clk 0:02:25]} 49. R3b2 {[%clk 0:00:27]} Ra3 {[%clk 0:02:17]} 50. Rb3
{[%clk 0:00:35]} Ra4 {[%clk 0:02:26]} 51. Qd2 {[%clk 0:00:26]} Rba8
{[%clk 0:02:24]} 52. Bf3 {[%clk 0:00:29]} Qb5 {[%clk 0:02:27]} 53. R3b2
{[%clk 0:00:23]} Ra3 {[%clk 0:02:26]} 54. Qe2 {[%clk 0:00:19]} Qa4
{[%clk 0:02:32]} 55. Rc2 {[%clk 0:00:21]} Rc8 {[%clk 0:02:24]} 56. Qd2
{[%clk 0:00:20]} Rc7 {[%clk 0:02:02]} 57. Rh1 {[%clk 0:00:18]} Qb3
{[%clk 0:02:07]} 58. Rf1 {[%clk 0:00:16]} Rb7 {[%clk 0:01:51]} 59. Rb2
{[%clk 0:00:14]} Qc4 {[%clk 0:01:56]} 60. Rc1 {[%clk 0:00:16]} Qa6
{[%clk 0:01:42]} 61. Rh1 {[%clk 0:00:15]} Rd3 {[%clk 0:01:45]} 62. Qc1
{[%clk 0:00:15]} f5 {[%clk 0:00:41]} 63. Be2 {[%clk 0:00:16]} Qa3
{[%clk 0:00:47]} 64. Bxd3 {[%clk 0:00:19]} Qxd3 {[%clk 0:00:56]} 65. Qc2
{[%clk 0:00:20]} Qe3 {[%clk 0:00:59]} 66. Rb3 {[%clk 0:00:23]} Qd4
{[%clk 0:01:04]} 67. Rd1 {[%clk 0:00:28]} 1-0

[Event "TeamRussiamenrapid"]
[Site "?"]
[Date "2016.10.06"]
[Round "8.12"]
[White "Sharafiev, Azat"]
[Black "Pridorozhni, Aleksei"]
[Result "1/2-1/2"]
[LiveChessVersion "1.4.4"]
[BlackElo "2628"]
[WhiteElo "2534"]

1. d4 {[%clk 0:15:19]} d6 {[%clk 0:15:19]} 2. Nf3 {[%clk 0:15:19]} Bg4
{[%clk 0:15:27]} 3. e4 {[%clk 0:15:14]} Nd7 {[%clk 0:15:35]} 4. h3
{[%clk 0:14:39]} Bh5 {[%clk 0:15:40]} 5. c4 {[%clk 0:14:34]} e5 {[%clk 0:15:45]}
6. Be2 {[%clk 0:13:57]} Ngf6 {[%clk 0:15:45]} 7. Nc3 Be7 8. Be3 {[%clk 0:13:27]}
c6 {[%clk 0:15:40]} 9. O-O {[%clk 0:13:28]} O-O {[%clk 0:15:38]} 10. Qc2
{[%clk 0:11:52]} Bg6 {[%clk 0:15:16]} 11. Rad1 {[%clk 0:11:37]} Qc7
{[%clk 0:14:30]} 12. Nh4 {[%clk 0:11:11]} Rfe8 {[%clk 0:14:12]} 13. Nxg6 hxg6
{[%clk 0:14:21]} 14. Rfe1 {[%clk 0:11:04]} Nf8 {[%clk 0:13:36]} 15. d5
{[%clk 0:11:06]} Rec8 {[%clk 0:12:58]} 16. Rc1 {[%clk 0:10:30]} Qd8
{[%clk 0:11:58]} 17. Red1 {[%clk 0:10:30]} c5 {[%clk 0:12:06]} 18. h4
{[%clk 0:09:41]} Qd7 {[%clk 0:11:55]} 19. g3 {[%clk 0:09:37]} N8h7
{[%clk 0:11:41]} 20. Kg2 {[%clk 0:09:25]} Rf8 {[%clk 0:11:11]} 21. Rh1
{[%clk 0:09:27]} Ng4 {[%clk 0:10:31]} 22. Bxg4 {[%clk 0:08:29]} Qxg4
{[%clk 0:10:38]} 23. Qd1 {[%clk 0:08:21]} Qxd1 {[%clk 0:09:18]} 24. Rcxd1
{[%clk 0:08:04]} f5 {[%clk 0:07:33]} 25. f3 {[%clk 0:08:04]} f4 {[%clk 0:06:00]}
26. Bc1 {[%clk 0:06:37]} fxg3 {[%clk 0:05:38]} 27. h5 {[%clk 0:05:05]} gxh5
{[%clk 0:03:17]} 28. Rxh5 {[%clk 0:05:13]} Nf6 {[%clk 0:03:26]} 29. Rh3
{[%clk 0:04:48]} a6 {[%clk 0:03:34]} 30. a4 {[%clk 0:04:26]} Kf7 {[%clk 0:03:42]}
31. Rdh1 {[%clk 0:04:23]} g6 {[%clk 0:03:37]} 32. Rxg3 {[%clk 0:04:28]} Rh8
{[%clk 0:03:40]} 33. Rxh8 {[%clk 0:04:18]} Rxh8 {[%clk 0:03:49]} 34. Rh3
{[%clk 0:04:27]} Re8 {[%clk 0:03:10]} 35. Rh1 {[%clk 0:03:40]} Nh5
{[%clk 0:03:12]} 36. Ne2 {[%clk 0:02:42]} Bf6 {[%clk 0:03:11]} 37. Bd2
{[%clk 0:02:27]} Rc8 {[%clk 0:02:40]} 38. Rb1 {[%clk 0:02:19]} Bd8
{[%clk 0:02:33]} 39. b3 {[%clk 0:02:08]} Nf6 {[%clk 0:02:15]} 40. Rh1
{[%clk 0:02:08]} Nh5 {[%clk 0:02:11]} 41. Rb1 {[%clk 0:02:17]} Nf6
{[%clk 0:02:15]} 42. Rh1 {[%clk 0:02:24]} Nh5 {[%clk 0:01:58]} 43. Rb1
{[%clk 0:02:32]} Nf6 {[%clk 0:01:42]} 44. Rh1 {[%clk 0:02:41]} Nh5
{[%clk 0:01:52]} 45. Rb1 {[%clk 0:02:50]} Nf6 {[%clk 0:02:01]} 46. Rh1
{[%clk 0:02:59]} Nh5 {[%clk 0:02:10]} 47. Rb1 {[%clk 0:03:07]} b5
{[%clk 0:01:25]} 48. axb5 {[%clk 0:01:51]} axb5 {[%clk 0:01:34]} 49. Nc3
{[%clk 0:01:59]} bxc4 {[%clk 0:01:20]} 50. bxc4 {[%clk 0:02:08]} Ra8
{[%clk 0:01:28]} 51. Rb7+ {[%clk 0:01:49]} Kf6 {[%clk 0:01:14]} 52. Rd7
{[%clk 0:01:43]} Be7 {[%clk 0:01:22]} 53. Kf2 {[%clk 0:01:37]} Bf8
{[%clk 0:01:23]} 54. Nb5 {[%clk 0:01:30]} Ra2 {[%clk 0:01:00]} 55. Nxd6
{[%clk 0:01:19]} Nf4 {[%clk 0:00:21]} 56. Rf7+ {[%clk 0:00:43]} Kg5
{[%clk 0:00:30]} 57. Rxf8 {[%clk 0:00:50]} Rxd2+ {[%clk 0:00:38]} 58. Ke1
{[%clk 0:00:59]} Rd3 {[%clk 0:00:35]} 59. Nb7 {[%clk 0:01:00]} Rxf3
{[%clk 0:00:25]} 60. Nxc5 {[%clk 0:01:04]} Nd3+ {[%clk 0:00:12]} 61. Ke2
{[%clk 0:01:13]} Rxf8 {[%clk 0:00:21]} 62. Ne6+ {[%clk 0:01:22]} Kf6
{[%clk 0:00:29]} 63. Nxf8 {[%clk 0:01:31]} Nc5 {[%clk 0:00:38]} 64. Kf3
{[%clk 0:01:34]} g5 {[%clk 0:00:32]} 65. Ne6 {[%clk 0:00:42]} g4+
{[%clk 0:00:41]} 66. Kxg4 {[%clk 0:00:49]} Nxe4 {[%clk 0:00:49]} 67. Nc7
{[%clk 0:00:42]} Nc5 {[%clk 0:00:16]} 68. Nb5 {[%clk 0:00:31]} Ne4
{[%clk 0:00:20]} 69. Nc7 {[%clk 0:00:24]} Ke7 {[%clk 0:00:19]} 70. Nb5
{[%clk 0:00:22]} Kf6 {[%clk 0:00:23]} 71. Nc7 {[%clk 0:00:30]} Ke7
{[%clk 0:00:31]} 72. Nb5 {[%clk 0:00:39]} Kf6 {[%clk 0:00:41]} 73. Nc7
{[%clk 0:00:48]} Ke7 {[%clk 0:00:50]} 74. Nb5 {[%clk 0:00:55]} Kf6
{[%clk 0:00:58]} 75. Na7 {[%clk 0:00:49]} Ke7 {[%clk 0:00:56]} 76. Nb5
{[%clk 0:00:56]} Kf6 {[%clk 0:01:05]} 77. Na3 {[%clk 0:01:06]} Nc5
{[%clk 0:00:54]} 78. Nc2 {[%clk 0:01:12]} Ne4 {[%clk 0:00:53]} 79. Ne3
{[%clk 0:01:18]} Nc5 {[%clk 0:01:01]} 80. Kf3 {[%clk 0:01:24]} Ke7
{[%clk 0:01:04]} 81. Ng4 {[%clk 0:01:29]} Kd6 {[%clk 0:01:11]} 82. Nf2
{[%clk 0:01:38]} Na4 {[%clk 0:00:49]} 83. Ne4+ {[%clk 0:01:45]} Kc7
{[%clk 0:00:52]} 84. Ke3 {[%clk 0:01:18]} Kb6 {[%clk 0:00:46]} 85. Kd3
{[%clk 0:01:20]} Ka5 {[%clk 0:00:54]} 86. Nd6 {[%clk 0:00:53]} Nc5+
{[%clk 0:01:01]} 87. Kc3 {[%clk 0:01:01]} Na4+ {[%clk 0:01:07]} 88. Kb3
{[%clk 0:01:05]} Nc5+ {[%clk 0:01:15]} 89. Ka3 {[%clk 0:01:13]} e4
{[%clk 0:00:52]} 90. Nf5 {[%clk 0:01:19]} Kb6 {[%clk 0:00:40]} 91. Kb4
{[%clk 0:01:27]} Nd3+ {[%clk 0:00:48]} 92. Kc3 {[%clk 0:01:29]} Kc5
{[%clk 0:00:55]} 93. Nd4 {[%clk 0:01:27]} Kd6 {[%clk 0:00:56]} 94. Nc6
{[%clk 0:01:13]} Nf4 {[%clk 0:00:52]} 95. Kd4 {[%clk 0:00:59]} e3
{[%clk 0:01:00]} 96. c5+ {[%clk 0:00:44]} Kc7 {[%clk 0:01:03]} 97. Ne5
{[%clk 0:00:24]} e2 {[%clk 0:01:11]} 98. d6+ {[%clk 0:00:31]} Kb7
{[%clk 0:01:13]} 99. Nf3 {[%clk 0:00:37]} Kc6 {[%clk 0:01:22]} 100. Kc4
{[%clk 0:00:36]} e1=Q {[%clk 0:01:00]} 101. Nxe1 {[%clk 0:00:44]} Ne6
{[%clk 0:01:10]} 102. Nd3 {[%clk 0:00:42]} Nxc5 {[%clk 0:01:17]} 103. Nxc5
{[%clk 0:00:50]} Kxd6 1/2-1/2

[Event "TeamRussiamenrapid"]
[Site "?"]
[Date "2016.10.06"]
[Round "8.13"]
[White "Tregubov, Pavel V."]
[Black "Alekseev, Evgeny"]
[Result "0-1"]
[LiveChessVersion "1.4.4"]
[BlackElo "2688"]
[WhiteElo "2580"]

1. d4 {[%clk 0:15:17]} d5 {[%clk 0:15:18]} 2. Nf3 {[%clk 0:15:23]} Nf6
{[%clk 0:15:19]} 3. c4 {[%clk 0:15:31]} e6 {[%clk 0:15:23]} 4. Nc3
{[%clk 0:15:40]} Bb4 {[%clk 0:15:28]} 5. cxd5 {[%clk 0:15:12]} exd5
{[%clk 0:15:32]} 6. Bf4 {[%clk 0:15:19]} Nbd7 {[%clk 0:12:44]} 7. e3
{[%clk 0:13:48]} O-O {[%clk 0:11:00]} 8. Bd3 {[%clk 0:12:32]} c6 {[%clk 0:11:01]}
9. a3 {[%clk 0:11:05]} Be7 {[%clk 0:11:04]} 10. Qc2 {[%clk 0:10:25]} Re8
{[%clk 0:10:13]} 11. O-O {[%clk 0:10:31]} Nf8 {[%clk 0:10:07]} 12. h3
{[%clk 0:07:52]} Ng6 {[%clk 0:09:40]} 13. Bh2 {[%clk 0:07:33]} a5
{[%clk 0:09:37]} 14. Rab1 {[%clk 0:07:37]} Bd6 {[%clk 0:09:22]} 15. Bxd6
{[%clk 0:07:45]} Qxd6 {[%clk 0:09:30]} 16. b4 {[%clk 0:07:50]} axb4
{[%clk 0:09:26]} 17. axb4 {[%clk 0:07:59]} b5 {[%clk 0:07:46]} 18. Rfc1
{[%clk 0:07:46]} Bd7 {[%clk 0:07:27]} 19. Bf5 {[%clk 0:05:50]} Bxf5
{[%clk 0:06:09]} 20. Qxf5 {[%clk 0:05:59]} Ra3 {[%clk 0:05:25]} 21. Qc2
{[%clk 0:05:55]} Rea8 {[%clk 0:04:59]} 22. e4 {[%clk 0:04:15]} dxe4
{[%clk 0:04:57]} 23. Nxe4 {[%clk 0:04:23]} Nxe4 {[%clk 0:05:04]} 24. Qxe4
{[%clk 0:04:31]} R3a6 {[%clk 0:04:54]} 25. Ne5 {[%clk 0:03:51]} Ne7
{[%clk 0:04:44]} 26. Nd3 {[%clk 0:01:28]} Nd5 {[%clk 0:04:04]} 27. Qe5
{[%clk 0:01:37]} Qg6 {[%clk 0:03:05]} 28. Nf4 {[%clk 0:01:31]} Nxf4
{[%clk 0:03:07]} 29. Qxf4 {[%clk 0:01:40]} h6 {[%clk 0:02:59]} 30. Rb3
{[%clk 0:01:48]} Rd8 {[%clk 0:02:39]} 31. Rg3 {[%clk 0:01:30]} Qd6
{[%clk 0:02:42]} 32. Qe5 {[%clk 0:00:59]} g6 {[%clk 0:01:52]} 33. Qe3
{[%clk 0:00:43]} Kg7 {[%clk 0:01:55]} 34. Rg4 {[%clk 0:00:51]} Ra4
{[%clk 0:01:27]} 35. Qe5+ {[%clk 0:00:37]} Kg8 {[%clk 0:01:14]} 36. Qe4
{[%clk 0:00:23]} Rxb4 {[%clk 0:00:28]} 37. Rxc6 {[%clk 0:00:33]} Rb1+
{[%clk 0:00:32]} 38. Qxb1 {[%clk 0:00:41]} Qxc6 {[%clk 0:00:41]} 39. Re4
{[%clk 0:00:17]} Qc4 {[%clk 0:00:27]} 40. Qe1 {[%clk 0:00:14]} Kg7
{[%clk 0:00:26]} 41. Rg4 {[%clk 0:00:22]} Qd5 {[%clk 0:00:28]} 42. Qe5+
{[%clk 0:00:26]} Kg8 {[%clk 0:00:18]} 43. Qe3 {[%clk 0:00:16]} Kg7
{[%clk 0:00:22]} 44. Qe5+ {[%clk 0:00:25]} Qxe5 45. dxe5 {[%clk 0:00:35]} Rd1+
{[%clk 0:00:34]} 46. Kh2 {[%clk 0:00:44]} Re1 {[%clk 0:00:43]} 47. f4
{[%clk 0:00:47]} Re4 {[%clk 0:00:49]} 48. Rg3 {[%clk 0:00:20]} Rxf4
{[%clk 0:00:55]} 49. Rb3 {[%clk 0:00:29]} b4 {[%clk 0:01:03]} 50. Kg3
{[%clk 0:00:37]} g5 {[%clk 0:00:56]} 51. Rd3 {[%clk 0:00:37]} Kg6
{[%clk 0:00:38]} 52. Rd5 {[%clk 0:00:40]} Kf5 {[%clk 0:00:38]} 53. Rb5
{[%clk 0:00:49]} Ke6 {[%clk 0:00:37]} 54. Kh2 {[%clk 0:00:51]} h5
{[%clk 0:00:38]} 55. g3 {[%clk 0:00:48]} Rc4 {[%clk 0:00:26]} 56. Kg2
{[%clk 0:00:54]} g4 {[%clk 0:00:34]} 57. hxg4 {[%clk 0:00:58]} hxg4
{[%clk 0:00:43]} 58. Kf2 {[%clk 0:01:06]} Kf5 {[%clk 0:00:48]} 59. Ke3
{[%clk 0:00:59]} Rc3+ {[%clk 0:00:53]} 60. Kf2 {[%clk 0:00:52]} b3
{[%clk 0:01:01]} 61. Rb7 {[%clk 0:00:45]} Kxe5 {[%clk 0:00:47]} 0-1

[Event "TeamRussiamenrapid"]
[Site "?"]
[Date "2016.10.06"]
[Round "8.15"]
[White "Bryzgalin, Kirill"]
[Black "Levin, Evgeny A."]
[Result "1-0"]
[LiveChessVersion "1.4.4"]
[BlackElo "2585"]
[WhiteElo "2574"]

1. Nf3 {[%clk 0:15:19]} Nf6 {[%clk 0:15:19]} 2. c4 {[%clk 0:15:17]} g6
{[%clk 0:15:26]} 3. g3 {[%clk 0:15:25]} Bg7 {[%clk 0:15:35]} 4. Bg2
{[%clk 0:15:34]} O-O {[%clk 0:15:44]} 5. O-O {[%clk 0:15:42]} d6 {[%clk 0:15:52]}
6. d4 {[%clk 0:15:46]} Nc6 {[%clk 0:15:57]} 7. b3 {[%clk 0:15:39]} Bf5
{[%clk 0:14:28]} 8. Bb2 {[%clk 0:15:45]} Qd7 {[%clk 0:14:15]} 9. Re1
{[%clk 0:15:28]} Nb4 {[%clk 0:13:49]} 10. Na3 {[%clk 0:12:50]} Be4
{[%clk 0:13:23]} 11. Bc3 {[%clk 0:11:54]} c5 {[%clk 0:12:15]} 12. Bxb4
{[%clk 0:08:39]} cxb4 {[%clk 0:12:24]} 13. Nc2 {[%clk 0:08:48]} a5
{[%clk 0:12:16]} 14. a3 {[%clk 0:08:56]} bxa3 {[%clk 0:08:05]} 15. Nxa3
{[%clk 0:09:05]} Rfc8 {[%clk 0:07:37]} 16. Qd2 {[%clk 0:07:25]} d5
{[%clk 0:07:09]} 17. Ne5 {[%clk 0:06:53]} Qd8 {[%clk 0:06:11]} 18. f3
{[%clk 0:06:37]} Bf5 {[%clk 0:05:09]} 19. cxd5 {[%clk 0:06:46]} Ne8
{[%clk 0:02:20]} 20. e4 {[%clk 0:05:39]} Bd7 {[%clk 0:02:28]} 21. Nac4
{[%clk 0:04:54]} Ra6 {[%clk 0:01:27]} 22. f4 {[%clk 0:03:57]} a4 {[%clk 0:00:52]}
23. bxa4 {[%clk 0:03:51]} Bxa4 {[%clk 0:00:46]} 24. Qb4 {[%clk 0:03:19]} Rca8
{[%clk 0:00:37]} 25. Qxb7 {[%clk 0:02:23]} R8a7 {[%clk 0:00:23]} 26. Qb4
{[%clk 0:02:26]} Nd6 {[%clk 0:00:15]} 27. Nxd6 {[%clk 0:02:27]} exd6
{[%clk 0:00:23]} 28. Nf3 {[%clk 0:02:20]} Bd7 {[%clk 0:00:24]} 29. Rxa6
{[%clk 0:02:26]} Rxa6 {[%clk 0:00:34]} 30. e5 {[%clk 0:02:34]} Rb6
{[%clk 0:00:39]} 31. Qd2 {[%clk 0:02:33]} Qc8 {[%clk 0:00:25]} 32. Ng5
{[%clk 0:02:31]} h6 {[%clk 0:00:16]} 33. Ne4 {[%clk 0:02:40]} dxe5
{[%clk 0:00:20]} 34. dxe5 {[%clk 0:02:49]} Qb8 {[%clk 0:00:28]} 35. Nc5
{[%clk 0:01:33]} Bf5 {[%clk 0:00:30]} 36. d6 {[%clk 0:01:33]} Rb2
{[%clk 0:00:32]} 37. Qe3 {[%clk 0:01:41]} Bf8 {[%clk 0:00:31]} 38. Be4
{[%clk 0:01:42]} Bh3 {[%clk 0:00:30]} 39. Bf3 {[%clk 0:01:25]} Rc2
{[%clk 0:00:18]} 40. Ne4 {[%clk 0:01:31]} Qb2 {[%clk 0:00:24]} 41. Nf2
{[%clk 0:01:36]} Be6 {[%clk 0:00:31]} 42. Kg2 {[%clk 0:01:39]} Rc3
{[%clk 0:00:28]} 43. Re2 {[%clk 0:01:10]} Qa3 {[%clk 0:00:14]} 44. Qe4
{[%clk 0:01:17]} Bf5 {[%clk 0:00:14]} 45. Qa8 {[%clk 0:01:20]} Qc5
{[%clk 0:15:10]} 1-0

[Event "TeamRussiamenrapid"]
[Site "?"]
[Date "2016.10.06"]
[Round "8.16"]
[White "Usmanov, Vasily"]
[Black "Oganian, Miran"]
[Result "0-1"]
[LiveChessVersion "1.4.4"]
[BlackElo "2480"]
[WhiteElo "2443"]

1. d4 {[%clk 0:15:18]} Nf6 {[%clk 0:15:19]} 2. c4 {[%clk 0:15:27]} e6
{[%clk 0:15:27]} 3. g3 {[%clk 0:15:34]} d5 {[%clk 0:15:30]} 4. Nf3
{[%clk 0:15:42]} Be7 {[%clk 0:15:37]} 5. Bg2 {[%clk 0:15:51]} O-O
{[%clk 0:15:45]} 6. O-O {[%clk 0:15:59]} dxc4 {[%clk 0:15:53]} 7. Ne5
{[%clk 0:16:08]} Nc6 {[%clk 0:16:00]} 8. Nxc6 {[%clk 0:16:16]} bxc6
{[%clk 0:16:09]} 9. Na3 {[%clk 0:16:25]} Bxa3 {[%clk 0:15:20]} 10. bxa3
{[%clk 0:16:33]} Ba6 {[%clk 0:14:39]} 11. Qa4 {[%clk 0:15:05]} Bb5
{[%clk 0:13:25]} 12. Qa5 {[%clk 0:14:37]} c3 {[%clk 0:13:11]} 13. a4
{[%clk 0:11:31]} Bxe2 {[%clk 0:12:56]} 14. Re1 {[%clk 0:11:39]} Bc4
{[%clk 0:11:37]} 15. Ba3 {[%clk 0:11:42]} Re8 {[%clk 0:10:42]} 16. Bxc6
{[%clk 0:11:13]} Qxd4 {[%clk 0:05:09]} 17. Bc5 {[%clk 0:08:02]} Qg4
{[%clk 0:04:09]} 18. Qxc3 {[%clk 0:07:05]} Bd5 {[%clk 0:03:56]} 19. Bxa8
{[%clk 0:06:17]} Rxa8 {[%clk 0:03:45]} 20. Rad1 {[%clk 0:06:19]} Qxa4
{[%clk 0:01:03]} 21. Bd4 {[%clk 0:05:19]} Ne4 {[%clk 0:01:10]} 22. Qe3
{[%clk 0:03:49]} f6 {[%clk 0:01:10]} 23. h4 {[%clk 0:03:25]} c6 {[%clk 0:00:55]}
24. a3 e5 {[%clk 0:00:49]} 25. Ba1 {[%clk 0:02:44]} Rb8 {[%clk 0:00:55]} 26. Rb1
{[%clk 0:02:48]} Rxb1 {[%clk 0:00:26]} 27. Rxb1 {[%clk 0:02:56]} Qc2
{[%clk 0:00:26]} 28. Rc1 {[%clk 0:01:53]} Qa2 {[%clk 0:00:30]} 29. Rd1
{[%clk 0:01:29]} a6 {[%clk 0:00:23]} 30. Kf1 {[%clk 0:01:02]} Qc4+
{[%clk 0:00:27]} 31. Kg1 {[%clk 0:01:11]} h6 {[%clk 0:00:18]} 32. Bb2
{[%clk 0:01:11]} Qc2 {[%clk 0:00:25]} 33. Rxd5 {[%clk 0:00:17]} cxd5
{[%clk 0:00:34]} 34. Bc1 {[%clk 0:00:24]} d4 {[%clk 0:00:42]} 35. Qe1
{[%clk 0:00:32]} Nxf2 {[%clk 0:00:41]} 36. Bd2 {[%clk 0:00:30]} Ne4
{[%clk 0:00:43]} 37. Bb4 {[%clk 0:00:36]} Qd3 {[%clk 0:00:45]} 38. Kg2
{[%clk 0:00:45]} Nc3 {[%clk 0:00:47]} 39. Kh3 {[%clk 0:00:43]} Qf5+
{[%clk 0:00:50]} 40. Kh2 {[%clk 0:00:48]} Ne4 {[%clk 0:00:49]} 41. Kg2
{[%clk 0:00:51]} h5 {[%clk 0:00:46]} 42. Qe2 {[%clk 0:00:58]} Qg4
{[%clk 0:00:39]} 43. Qd3 {[%clk 0:01:06]} f5 {[%clk 0:00:25]} 44. Be1
{[%clk 0:01:15]} Kh7 {[%clk 0:00:29]} 45. Qxa6 {[%clk 0:01:21]} Nf6
{[%clk 0:00:24]} 46. Qd3 {[%clk 0:01:28]} Nd5 {[%clk 0:00:17]} 47. Qf3
{[%clk 0:01:30]} Ne3+ {[%clk 0:00:16]} 48. Kf2 {[%clk 0:01:39]} Qg6
{[%clk 0:00:16]} 49. Bd2 {[%clk 0:01:42]} Ng4+ {[%clk 0:00:24]} 50. Kg2
{[%clk 0:01:45]} e4 {[%clk 0:00:32]} 51. Qf4 {[%clk 0:01:53]} e3 {[%clk 0:00:38]}
52. Qxd4 {[%clk 0:02:01]} Qc6+ {[%clk 0:00:41]} 53. Kg1 {[%clk 0:02:06]} exd2
{[%clk 0:00:40]} 54. Qxd2 {[%clk 0:02:15]} Qf3 {[%clk 0:00:46]} 55. a4
{[%clk 0:02:11]} Qxg3+ {[%clk 0:00:54]} 56. Kf1 {[%clk 0:02:20]} Nh2+
{[%clk 0:00:56]} 57. Ke2 {[%clk 0:02:28]} Qf3+ {[%clk 0:01:04]} 0-1